|
|
|
|
| LEADER |
03147nam a22006135i 4500 |
| 001 |
978-3-319-44564-9 |
| 003 |
DE-He213 |
| 005 |
20160822044510.0 |
| 007 |
cr nn 008mamaa |
| 008 |
160822s2016 gw | s |||| 0|eng d |
| 020 |
|
|
|a 9783319445649
|9 978-3-319-44564-9
|
| 024 |
7 |
|
|a 10.1007/978-3-319-44564-9
|2 doi
|
| 040 |
|
|
|d GrThAP
|
| 050 |
|
4 |
|a P98-98.5
|
| 072 |
|
7 |
|a UYQL
|2 bicssc
|
| 072 |
|
7 |
|a COM042000
|2 bisacsh
|
| 082 |
0 |
4 |
|a 006.35
|2 23
|
| 245 |
1 |
0 |
|a Experimental IR Meets Multilinguality, Multimodality, and Interaction
|h [electronic resource] :
|b 7th International Conference of the CLEF Association, CLEF 2016, Évora, Portugal, September 5-8, 2016, Proceedings /
|c edited by Norbert Fuhr, Paulo Quaresma, Teresa Gonçalves, Birger Larsen, Krisztian Balog, Craig Macdonald, Linda Cappellato, Nicola Ferro.
|
| 264 |
|
1 |
|a Cham :
|b Springer International Publishing :
|b Imprint: Springer,
|c 2016.
|
| 300 |
|
|
|a XIII, 380 p. 67 illus.
|b online resource.
|
| 336 |
|
|
|a text
|b txt
|2 rdacontent
|
| 337 |
|
|
|a computer
|b c
|2 rdamedia
|
| 338 |
|
|
|a online resource
|b cr
|2 rdacarrier
|
| 347 |
|
|
|a text file
|b PDF
|2 rda
|
| 490 |
1 |
|
|a Lecture Notes in Computer Science,
|x 0302-9743 ;
|v 9822
|
| 520 |
|
|
|a This book constitutes the refereed proceedings of the 7th International Conference of the CLEF Initiative, CLEF 2016, held in Toulouse, France, in September 2016. The 10 full papers and 8 short papers presented together with 5 best of the labs papers were carefully reviewed and selected from 36 submissions. In addition to these talks, this volume contains the results of 7 benchmarking labs reporting their year long activities in overview talks and lab sessions. The papers address all aspects of information access in any modality and language and cover a broad range of topics in the fields of multilingual and multimodal information access evaluation.
|
| 650 |
|
0 |
|a Computer science.
|
| 650 |
|
0 |
|a Information storage and retrieval.
|
| 650 |
|
0 |
|a Artificial intelligence.
|
| 650 |
|
0 |
|a Text processing (Computer science).
|
| 650 |
|
0 |
|a Computational linguistics.
|
| 650 |
1 |
4 |
|a Computer Science.
|
| 650 |
2 |
4 |
|a Language Translation and Linguistics.
|
| 650 |
2 |
4 |
|a Information Storage and Retrieval.
|
| 650 |
2 |
4 |
|a Computational Linguistics.
|
| 650 |
2 |
4 |
|a Artificial Intelligence (incl. Robotics).
|
| 650 |
2 |
4 |
|a Document Preparation and Text Processing.
|
| 650 |
2 |
4 |
|a Information Systems Applications (incl. Internet).
|
| 700 |
1 |
|
|a Fuhr, Norbert.
|e editor.
|
| 700 |
1 |
|
|a Quaresma, Paulo.
|e editor.
|
| 700 |
1 |
|
|a Gonçalves, Teresa.
|e editor.
|
| 700 |
1 |
|
|a Larsen, Birger.
|e editor.
|
| 700 |
1 |
|
|a Balog, Krisztian.
|e editor.
|
| 700 |
1 |
|
|a Macdonald, Craig.
|e editor.
|
| 700 |
1 |
|
|a Cappellato, Linda.
|e editor.
|
| 700 |
1 |
|
|a Ferro, Nicola.
|e editor.
|
| 710 |
2 |
|
|a SpringerLink (Online service)
|
| 773 |
0 |
|
|t Springer eBooks
|
| 776 |
0 |
8 |
|i Printed edition:
|z 9783319445632
|
| 830 |
|
0 |
|a Lecture Notes in Computer Science,
|x 0302-9743 ;
|v 9822
|
| 856 |
4 |
0 |
|u http://dx.doi.org/10.1007/978-3-319-44564-9
|z Full Text via HEAL-Link
|
| 912 |
|
|
|a ZDB-2-SCS
|
| 912 |
|
|
|a ZDB-2-LNC
|
| 950 |
|
|
|a Computer Science (Springer-11645)
|